Expresionismus a Georg Trakl k interpretaci tvorby středního a pozdního období

Bibliographic Details
Main Author: Kučera, Petr (Author)
Format: Article
Language:Czech
ISBN:8022408638
Subjects:

MARC

LEADER 00000naa a2200000 ar4500
001 vtls008988938
003 SK-MaSNL
005 20260302100444.0
008 070515c2005 xo |||| ||| 000 b|cze
015 |a SNBRA2007/05  |2 snkbucl 
038 |a SNKBUCL 
040 |a SNKBUCL  |b slo  |c SNKBUCL  |e AACR2 
041 0 |a cze  |b ger 
044 |a xo  |c SK 
080 |a 82.033:821.112.2 (436)-1  |2 1997 
080 |a 821.112.2 (436)-1.033  |2 1997 
100 1 |a Kučera, Petr  |4 aut  |9 8553 
245 1 0 |a Expresionismus a Georg Trakl  |b k interpretaci tvorby středního a pozdního období  |c Petr Kučera 
504 |a Bibliogr. odkazy 
546 |a Res. nem. 
600 1 7 |a Trakl, Georg  |d 1887-1914  |x básnická tvorba  |x expresionizmus  |2 snkbucl  |9 771172 
650 0 7 |a expresionizmus (literatúra)  |2 snkbucl  |9 99322 
650 0 7 |a rakúska literatúra  |x expresionizmus (literatúra)  |2 snkbucl  |9 771173 
773 0 |t Európske literárne avantgardy 20. storočia  |d Bratislava : VEDA, 2005  |g S. 239-244  |z 8022408638 
852 |a SNK  |b KIS3GCP 
958 |a LX 
958 |a NB 
958 |a AT 
999 |c 1220139  |d 1222069